000 00673nam a2200265Ia 4500
005 20260306163616.0
008 008 260114s9999 xx 000 0 eng d
020 _a9781469648613
037 _aEBOOK
040 _aCRL
040 _beng
040 _cCRL
041 _2eng
041 _aeng
084 _qCRL
100 _aLewis
245 0 _aSovereign Entrepreneurs: Cherokee Small-business Owners And The Making Of Economic Sovereignty
260 _bUniversity of North Carolina Press
260 _c2020
650 _aSocial Work
856 _uhttps://academic.oup.com/book/34000
942 _cEBOOK
999 _c1710781
_d1710781